Socializácia dieťaťa

Nárast nových foriem nesociálneho správania. Zvýšený záujem o prosociálne správanie. Výchova detí k efektívnemu sociálnemu správaniu.

Bibliographic Details
Main Author: Zelina, Miron, 1940- (Author)
Format: Article
Language:Slovak
Subjects:

MARC

LEADER 00000nab a2200000 a 4500
001 vtls001500703
003 SK-MaSNL
005 20260304234027.0
008 250505s1996 xo 000 0 slo
035 |a SPKCL3423 
035 |a urn:nbn:sk:snk-abbyh3 
035 |a (urnnbn)urn:nbn:sk:snk:ar-001a6o 
035 |a (uuid)e3392fdb-3738-475e-aa6e-275806cd274c 
040 |a SNKBUCL  |b slo  |c SNKBUCL  |e AACR2 
041 0 |a slo 
044 |a xo  |c SK 
080 |a 316.736-053.2  |2 1981 
100 1 |a Zelina, Miron,  |d 1940-  |4 aut  |9 98638 
245 1 0 |a Socializácia dieťaťa  |c Miron Zelina 
520 |a Nárast nových foriem nesociálneho správania. Zvýšený záujem o prosociálne správanie. Výchova detí k efektívnemu sociálnemu správaniu. 
650 0 7 |a socializácia dieťaťa  |2 SNKPH  |9 771765 
650 0 7 |a prosociálne správanie  |2 SNKPH  |9 49610 
773 0 |t Rodina a škola  |g Roč. 44, č. 9 (1996) s. 5 
850 |a Slovenská národná knižnica 
852 |a Slovenská národná knižnica 
954 |a odborná, vedecká literatúra pôvodná (slovenská)  |2 lita 
958 |a article15 
958 |a OND 
958 |a EUIPO 
999 |c 3201620  |d 3203550